01828cam a2200421 a 4500952014800000999001700148001000900165003000400174005001700178008004100195010001700236020002500253020002200278025003400300035002400334035002100358035002100379037006300400040002600463042002100489043002100510050002400531082002700555100002000582245017700602260004200779300003300821504004100854505013600895520011001031650005301141651004001194651004001234700002001274700001501294906004501309942005201354 00102ddc40708POLITICAL SCIENCEaMESbMEScPOLd2019-02-20g730.00l0o327.5405491 MIA/Bp38584r2019-02-20 00:00:00w2019-02-20yBKzGL10R4 c21778d2177816131797OSt20200605110151.0091210s2010 ii a b 000 0 eng d a 2010316995 a9788125038306 (pbk.) a8125038302 (pbk.) aI-E-2010-316995; 63-91; 63-09 a(OCoLC)ocn489405928 a(OCoLC)489405928 a(OCoLC)489405928 aLibrary of Congress -- New Delhi Overseas OfficecRs495.00 aDKAGEbengcoclcdDLC alccopycatalcode aa-ii---aa-pk---00aDS450.P18bB75 201004a327.5405491222bMIA/B 92513aMain, Zia00aBridging partition :bpeople's initiatives for peace between India and Pakistan /cedited by Smitu Kothari and Zia Mian with Kamla Bhasin, A.H. Nayyar and Mohammad Tahseen. aNew Delhi :bOrient BlackSwan,c2010. aix, 347 p. :bill. ;c22 cm. aIncludes bibliographical references.0 aTaking the lead -- personal/historical journeys -- women, education, and labour -- culture -- lessons, limits, and the way forward. aContributed articles on people's contribution in fostering peaceful relations between Pakistan and India. 0aPeace-buildingzPakistanxCitizen participation. 0aIndiaxForeign relationszPakistan. 0aPakistanxForeign relationszIndia.1 aKothari, Smitu.1 aMian, Zia. a7bcbcccopycatd3encipf20gy-gencatlg 2ddccBKh327.5405491iMIA/Bk327.5405491mMIA/B